Interpretaciones sobre la poesía de Hölderlin / (Record no. 78880)

MARC details
000 -LEADER
campo de control de longitud fija 00760nam a2200229 i 4500
001 - NÚMERO DE CONTROL
campo de control 78880
003 - IDENTIFICADOR DE NÚMERO DE CONTROL
campo de control ES-MaACL
005 - FECHA Y HORA DE LA ÚLTIMA TRANSACCIÓN
campo de control 20240522092751.0
007 - CAMPO FIJO DE DESCRIPCIÓN FÍSICA--INFORMACIÓN GENERAL
campo de control de longitud fija t|
008 - DATOS DE LONGITUD FIJA--INFORMACIÓN GENERAL
campo de control de longitud fija 041018s1983 sp ||||1| spa d
100 1# - ENTRADA PRINCIPAL--NOMBRE DE PERSONA
Nombre de persona Heidegger, Martin.
9 (RLIN) 62337
245 10 - MENCIÓN DEL TÍTULO
Título Interpretaciones sobre la poesía de Hölderlin /
Mención de responsabilidad, etc. Martin Heidegger ; introducción de Eugenio Trías ; traducción del alemán por José María Valverde.
250 ## - MENCION DE EDICION
Mención de edición [1ª ed.].
260 ## - PUBLICACIÓN, DISTRIBUCIÓN, ETC.
Lugar de publicación, distribución, etc. Barcelona :
Nombre del editor, distribuidor, etc. Ariel,
Fecha de publicación, distribución, etc. [1983]
300 ## - DESCRIPCIÓN FÍSICA
Extensión 203 p. ;
Dimensiones 21 cm.
490 1# - MENCIÓN DE SERIE
Mención de serie Ariel filosofía
700 1# - ENTRADA AGREGADA--NOMBRE PERSONAL
Nombre de persona Trías, Eugenio.
9 (RLIN) 111368
700 1# - ENTRADA AGREGADA--NOMBRE PERSONAL
Nombre de persona Valverde, José María,
Fechas asociadas al nombre 1926-1996
9 (RLIN) 113013
830 0# - PUNTO DE ACCESO ADICIONAL DE SERIE-TÍTULO UNIFORME
Título uniforme Ariel filosofía
9 (RLIN) 178145
852 ## - LOCALIZACIÓN
Ubicación ES-MaACL
Número de control de estantería L-957
Sublocalización o colección R.105029
Holdings
Estatus retirado Estado de pérdida Estado de daño No para préstamo Biblioteca de origen Biblioteca actual Ubicación en estantería Fecha de adquisición Fuente de adquisición Total de préstamos Signatura topográfica completa Código de barras Visto por última vez Precio de reemplazo Tipo de ítem Koha
        Biblioteca del Ateneo de Madrid Biblioteca del Ateneo de Madrid Depósito 2 17/01/2008     L-957 1082493 23/02/2023 23/02/2023 Libro impreso